Movies Quiz

Random Movies or Word Play Quiz

Best Picture Nominees Hidden In Best Picture Nominees Quiz Stats

 Plays Quiz not verified by Sporcle

Score 0/22 Timer 10:00
0 Plays Today
Movie A's Year & Director Movie A (with Movie B in CAPS) % Correct
1974 - CoppolaTHE GODFATHER part ii
92.3%
1996 - CoenfARGO
90.5%
2012 - BigelowZero dark thirty
83.3%
2010 - Fincherthe social NETWORK
82.7%
2009 - ReitmanUP in the air
75.6%
1986 - Allenhannah and HER sisters
70.8%
2010 - Boyle127 HOURS
70.2%
2006 - EastwoodLETTERs from iwo jima
64.9%
2006 - González IñárrituBABEl
62.5%
1986 - Ivorya ROOM with a view
60%
2006 - Dayton & Farislittle miss sunSHINE
54.2%
Movie A's Year & Director Movie A (with Movie B in CAPS) % Correct
1957 - WilderWITNESS for the prosecution
51.8%
1953 - WylerROMAn holiday
50%
1948 - Powell & Pressburgerthe RED Shoes
44.6%
1995 - RadfordTHE POSTman (il postino)
42.9%
1937 - Kingin old CHICAGO
32.1%
1932/33 - LeRoyi am a FUGITIVE from a chain gang
22%
1955 - Ford & LeRoymister ROBErts
20.8%
1932/33 - Kordathe private life of HENRY Viii
20.2%
1935 - Del RuthBROADWAY MELODY of 1936
17.3%
1934 - Sandrichthe gay DIVORCEE
11.9%
1968 - Harveythe LION in winter
7.7%

You're not logged in!

Compare scores with friends on all Sporcle quizzes.
OR
Log In

Show Comments

Extras

Top Quizzes Today


Score Distribution

Your Account Isn't Verified!

In order to create a playlist on Sporcle, you need to verify the email address you used during registration. Go to your Sporcle Settings to finish the process.

Report this User

Report this user for behavior that violates our Community Guidelines.

Details: